Państwa, które pokonują losowe państwo - Statystyki

Ogólne statystyki
  • Ten quiz został rozwiązany 50 razy
  • Średni wynik to 12 z 16
Statystyki odpowiedzi
Państwo Ranking Kategoria Państwa % Poprawnych
Republika Południowej Afryki 9 Największe państwo afrykańskie pod względem powierzchni Algieria | Demokratyczna Republika Konga | Sudan | Libia | Czad | Niger | Angola | Mali
100%
Nowa Zelandia 3 (r) Najczęściej organizując lub współorganizując Puchar Świata w Krykiecie do 2031 r. Anglia | Indie
100%
Nowa Zelandia 3 Większość gatunków dzikich pingwinów Australia | Chile
100%
Szwajcaria 2 Najwięcej medali olimpijskich w narciarstwie alpejskim Austria
100%
Holandia 3 Najdłuższa granica z Niemcami Austria | Czechy
100%
Szwajcaria 3 Większość osób mówiących po niemiecku w % (poza Niemcami) Austria | Liechtenstein
100%
Holandia 8 Największa gęstość zaludnienia wśród państw o liczbie ludności > 10 mln Bangladesz | Tajwan | Korea Południowa | Rwanda | Burundi | Indie | Haiti
100%
Republika Południowej Afryki 8 Największa ilość dzikich słoni Botswana | Zimbabwe | Tanzania | Indie | Kenia | Namibia | Zambia
100%
Meksyk 2 Ostatni zdobywca złotego medalu olimpijskiego w piłce nożnej mężczyzn Brazylia
100%
Meksyk 2 Najbardziej jadowite gatunki zwierząt Brazylia
100%
Meksyk 3 Największy kraj Ameryki Łacińskiej pod względem powierzchni Brazylia | Argentyna
100%
Meksyk 3 Najwięcej morderstw Brazylia | Indie
100%
Szwajcaria 8 Większość osób mówiących po włosku poza Włochami Brazylia | Stany Zjednoczone | Francja | Niemcy | Rumunia | Argentyna | Wielka Brytania
100%
Meksyk 10 Największy producent kawy Brazylia | Wietnam | Kolumbia | Indonezja | Honduras | Etiopia | Indie | Uganda | Peru
100%
Nowa Zelandia 4 Najbardziej na południe wysunięte państwo * Wyłączając terytoria zamorskie i zależne Chile | Argentyna | Australia
100%
Republika Południowej Afryki 5 Najbardziej na południe wysunięte państwo
*nie uwzględniając terytoriów zamorskich/zależnych
Chile | Argentyna | Australia | Nowa Zelandia
100%
Nowa Zelandia 2 Największe źródło osób odwiedzających Australię (2019) Chiny
100%
Republika Południowej Afryki 8 (r) Największa produkcja złota (2022) Chiny | Australia | Rosja | Kanada | Stany Zjednoczone | Meksyk | Kazachstan
100%
Niemcy 4 (r) Większość innych państw graniczyła Chiny | Rosja | Brazylia
100%
Niemcy 5 Największy producent pojazdów mechanicznych Chiny | Stany Zjednoczone | Japonia | Indie
100%
Egipt 11 (r) Najkrótsza nazwa państwa Czad | Kuba | Fidżi | Iran | Irak | Laos | Mali | Oman | Peru | Togo
100%
Niemcy 4 Spożycie piwa na osobę Czechy | Namibia | Austria
100%
Szwajcaria 2 Najlepsze państwo żeby się urodzić (Żródło) Dania
100%
Grecja 5 Kraj posiadający najludniejszy obszar miejski położony nad Morzem Śródziemnym Egipt | Hiszpania | Włochy | Algieria
100%
Nowa Zelandia 5 Najbardziej na wschód wysunięte państwo Fidżi | Rosja | Tuvalu | Stany Zjednoczone
100%
Grecja 5 Europejskie państwo z największą ilością bieli na fladze Finlandia | Monako | Polska | Malta
100%
Szwajcaria 2 (r) Najczęściej organizując Zimowe Igrzyska Olimpijskie Francja
100%
Irlandia 4 Największe źródło odwiedzających Wielką Brytanię Francja | Stany Zjednoczone | Niemcy
100%
Szwajcaria 3 Najwyższa góra w Alpach Francja | Włochy
100%
Grecja 4 Najbardziej zaludnione państwo zaczynające się na literę G Ghana | Gwatemala | Gwinea
100%
Holandia 2 Najbardziej zaludnione państwo na literę H Hiszpania
100%
Grecja 4 Państwo produkujące najwięcej oliwy z oliwek Hiszpania | Maroko | Turcja
100%
Grecja 3 Najbardziej wysunięty na południe punkt na kontynencie europejskim
*łącznie z terytoriami
Hiszpania | Wielka Brytania
100%
Niemcy 4 Najwięcej tytułów Ligi Mistrzów UEFA Hiszpania | Wielka Brytania | Włochy
100%
Nowa Zelandia 6 Największe państwo położone w całości na wyspach Indonezja | Madagaskar | Papua-Nowa Gwinea | Japonia | Filipiny
100%
Egipt 6 Kraj z największą liczbą muzułmanów Indonezja | Pakistan | Indie | Bangladesz | Nigeria
100%
Nowa Zelandia 6 Kraj z najwyższym punktem na wyspie Indonezja | Papua-Nowa Gwinea | Stany Zjednoczone | Tajwan | Japonia
100%
Holandia 3 (r) Najwięcej zwycięstw w Konkursie Piosenki Eurowizji Irlandia | Szwecja
100%
Irlandia 2 Najbardziej wysunięte państwo europejskie na zachód * Nie uwzględniając terytoriów zamorskich Islandia
100%
Szwajcaria 6 Najbardziej pokojowy kraj poza UE Islandia | Nowa Zelandia | Kanada | Singapur | Japonia
100%
Austria 4 Najbardziej spokojne państwo (Żródło) Islandia | Nowa Zelandia | Portugalia
100%
Egipt 2 Najczęściej wymieniany współczesny kraj w Biblii Króla Jakuba Izrael
100%
Szwajcaria 2 (r) Najmniejsza korupcja biznesowa (BPI) Japonia
100%
Meksyk 6 Najludniejsza stolica według obszaru miejskiego Japonia | Indonezja | Indie | Filipiny | Korea Południowa
100%
Egipt 6 (r) Kraj afrykański z największą liczbą występów w Mistrzostwach Świata FIFA wśród mężczyzn Kamerun | Nigeria | Maroko | Tunezja | Algieria | Ghana
100%
Meksyk 2 Najdłuższa granica ze Stanami Zjednoczonymi Kanada
100%
Republika Południowej Afryki 4 (r) Państwo graniczące z największą ilością oceanów Kanada | Rosja | Stany Zjednoczone
100%
Meksyk 3 Największe państwo w Ameryce Północnej Kanada | Stany Zjednoczone
100%
Meksyk 4 Największy kraj graniczący z mniej niż 4 innymi Kanada | Stany Zjednoczone | Australia
100%
Meksyk 10 Produkcja ananasa Kostaryka | Filipiny | Brazylia | Tajlandia | Indie | Indonezja | Nigeria | Chiny | Kolumbia
100%
Holandia 3 Najmniejszy członek-założyciel Unii Europejskiej według powierzchni Luksemburg | Belgia
100%
Republika Południowej Afryki 4 Afrykańskie państwo z najdłuższą linią brzegową Madagaskar | Mozambik | Egipt
100%
Grecja 4 (r) Państwo, którego flaga ma najwięcej pasów Malezja | Stany Zjednoczone | Liberia
100%
Grecja 2 Europejskie państwo z najbardziej na południe wysuniętą stolicą Malta
100%
Grecja 9 Kraj europejski o najwyższym wskaźniku otyłości Malta | Wielka Brytania | Węgry | Litwa | Czechy | Andora | Irlandia | Bułgaria
100%
Egipt 3 Poaństwa afrykańskie z największą liczbą turystów Maroko | Republika Południowej Afryki
100%
Holandia 6 Największa ilość występów w Mistrzostwach Świata FIFA bez tytułu mistrzowskiego Meksyk | Belgia | Serbia | Stany Zjednoczone | Szwecja | Szwajcaria | Rosja
100%
Nowa Zelandia 8 Kraj, którego flaga ma najwięcej niebieskiego Mikronezja | Kazachstan | Nauru | Somalia | Kosowo | Saint Lucia | Palau
100%
Szwajcaria 6 Najbogatsze państwo w Europie (PKB, PPP, 2020) Monako | Liechtenstein | Luksemburg | Irlandia | Norwegia
100%
Holandia 6 Najgęstsza sieć drogowa (Żródło) Monako | Malta | Belgia | Bahrajn | Singapur
100%
Korea Południowa 3 Geograficznie najbliżej Pekinu Mongolia | Korea Północna
100%
Irlandia 2 Największe źródło urodzonych za granicą obywateli USA w 1880 roku Niemcy
100%
Szwajcaria 2 Najwięcej mil rzeki Ren Niemcy
100%
Egipt 3 Najludniejsze państwo Afryki Nigeria | Etiopia
100%
Republika Południowej Afryki 6 Najbardziej zaludnione państwo afrykańskie Nigeria | Etiopia | Egipt | Demokratyczna Republika Konga | Tanzania
100%
Szwajcaria 7 Najbardziej demokratyczny kraj w Europie Norwegia | Islandia | Szwecja | Finlandia | Irlandia | Dania
100%
Holandia 11 Najbardziej demokratyczne państwo (Żródło) Norwegia | Islandia | Szwecja | Nowa Zelandia | Finlandia | Irlandia | Kanada | Dania | Australia | Szwajcaria
100%
Austria 4 Najwięcej medali na Zimowych Igrzyskach Olimpijskich Norwegia| Stany Zjednoczone | Niemcy
100%
Holandia 4 Największa produkcja sera na mieszkańca (2018) Nowa Zelandia | Dania | Irlandia
100%
Nowa Zelandia 4 Państwo najbliższe geograficznie do Australii Papua-Nowa Gwinea | Indonezja | Timor Wschodni
100%
Meksyk 2 Kraj Ameryki Łacińskiej produkujący najwięcej złota Peru
100%
Korea Północna 2 Państwo z największą liczbą czołgów Rosja
100%
Korea Północna 4 Najbardziej wysunięty na wschód punkt na kontynencie Rosja | Chiny | Australia
100%
Korea Północna 4 Najczęściej wymieniany wróg USA w ankiecie Gallupa 2020 Rosja | Chiny | Iran
100%
Grecja 5 Kraj europejski z największą liczbą wysp >10 km2 Rosja | Dania | Norwegia | Wielka Brytania
100%
Grecja 5 Największa liczba prawosławnych chrześcijan Rosja | Etiopia | Ukraina | Rumunia
100%
Austria 5 Państwa europejskie z najwyższym punktem Rosja | Francja | Włochy | Szwajcaria
100%
Meksyk 4 Najbardziej wysunięty na zachód kraj na kontynencie Rosja | Stany Zjednoczone | Kanada
100%
Polska 3 Najbardziej zaludnione państwo słowiańskie Rosja | Ukraina
100%
Szwajcaria 9 Największy kraj europejski niebędący w UE Rosja | Ukraina | Norwegia | Wielka Brytania | Białoruś | Islandia | Serbia | Bośnia i Hercegowina
100%
Szwajcaria 4 Państwo z najwyższym wskażnikiem HDI *HDI mierzy stan zdrowia, wykształcenie i dochody San Marino | Monako | Norwegia
100%
Irlandia 6 Najwyższy wskaźnik HDI * HDI mierzy stan zdrowia, wykształcenie i dochody San Marino | Monako | Norwegia | Szwajcaria | Australia
100%
Egipt 9 Państwo afrykańskie o najwyższym wskaźniku HDI
* HDI mierzy stan zdrowia, wykształcenie i dochody
Seszele | Mauritius | Algieria | Tunezja | Botswana | Libia | Gabon | Republika Południowej Afryki
100%
Grecja 12 Najniższy współczynnik dzietności Singapur | Tajwan | Korea Południowa | Bośnia i Hercegowina | Polska | Rumunia | Słowenia | Andora | Chorwacja | Słowacja | Japonia
100%
Meksyk 2 Kraj z największą ilością ziemi należącej do Imperium Hiszpańskiego Stany Zjednoczone
100%
Szwajcaria 5 Najwięcej tytułów wielkoszlemowych w tenisie (Dla obu płci) Stany Zjednoczone | Australia | Niemcy | Hiszpania
100%
Nowa Zelandia 6 Najwięcej potwierdzonych ataków rekinów od 1580 r. Stany Zjednoczone | Australia | Republika Południowej Afryki | Brazylia
100%
Meksyk 5 Najbogatszy kraj z populacją >100 milionów (PKB na mieszkańca, PPP, 2020) Stany Zjednoczone | Japonia | Rosja | Chiny
100%
Meksyk 5 Najwyższa zarejestrowana temperatura Stany Zjednoczone | Kuwejt | Irak | Iran | Pakistan
100%
Meksyk 4 Kraj o największej produkcji sorgo (2008) Stany Zjednoczone | Nigeria | Indie
100%
Holandia 3 Najwększe PKB na mieszkańca wśród państw o liczbie ludności > 10 mln Stany Zjednoczone | Tajwan
100%
Grecja 5 Najbardziej na wschód wysunięty kraj NATO Stany Zjednoczone | Turcja | Finlandia | Norwegia | Rumunia
100%
Irlandia 5 Państwo z największą liczbą Irlandczyków (Żródło) Stany Zjednoczone | Wielka Brytania | Kanada | Australia
100%
Egipt 4 Największa powierzchnia lądu w dorzeczu Nilu Sudan | Sudan Południowy | Etiopia
100%
Nowa Zelandia 6 Najwięcej graczy rugby na mieszkańca Tonga | Fidżi | Samoa | Malta | Wielka Brytania
100%
Egipt 5 Najbardziej wysunięte na północ państwo Afryki Tunezja | Algieria | Maroko | Libia
100%
Nowa Zelandia 3 Najmniej zaludniony kraj z flagą z Union Jack Tuvalu | Fidżi
100%
Szwajcaria 11 Państwo o największym spożyciu wołowiny na osobę Urugwaj | Argentyna | Stany Zjednoczone | Brazylia | Paragwaj | Australia | Kanada | Kazachstan | Izrael
100%
Irlandia 10 Państwo europejskie z największym % katolików Watykan | San Marino | Malta | Andora | Chorwacja | Polska | Portugalia | Włochy | Monako
100%
Irlandia 4 Największe państwo europejskie bez wilków Wielka Brytania | Islandia | Austria
100%
Irlandia 3 Najczęściej zgadywane państwo wyspiarskie w quizie państwa świata Wielka Brytania | Japonia
100%
Grecja 4 Państwo, które posiada największą wyspę śródziemnomorską Włochy | Cypr | Francja
100%
Korea Południowa 5 Największa flota handlowa w Azji Chiny | Singapur | Cypr | Japonia
86%
Korea Południowa 2 Pierwszy kraj azjatycki, który był gospodarzem igrzysk olimpijskich Japonia
86%
Korea Południowa 3 Najbardziej aktywny personel wojskowy USA (inny niż Stany Zjednoczone) Japonia | Niemcy
86%
Korea Południowa 10 Największe spożycie ryb na osobę Malediwy | Islandia | Kiribati | Malezja | Japonia | Seszele | Mjanma | Nauru | Palau
86%
Korea Południowa 3 Największy odbiorca chińskiego eksportu Stany Zjednoczone | Japonia
86%
Grecja 4 Najbiedniejsze państwo Unii Europejskiej (2024, parytet siły nabywczej) Bułgaria | Chorwacja | Rumunia
75%
Polska 5 Państwo europejskie, którego stolica jest najdalej alfabetycznie Chorwacja | Litwa | Watykan | Austria
75%
Polska 9 (r) Państwo, którego flaga zawiera najwięcej bieli Cypr | Japonia | Korea Południowa | Jordania | Izrael | Finlandia | Urugwaj | Singapur
75%
Grecja 2 Najwyższy wskaźnik długu publicznego do PKB (2022) Japonia
75%
Polska 3 Państwo o najkrótszej granicy z Rosją Korea Północna | Norwegia
75%
Polska 2 Największy odbiorca czeskiego eksportu Niemcy
75%
Polska 3 Najbardziej wysunięte na zachód państwoUkładu Warszawskiego * Kraj już nie istnieje Niemcy Wschodnie | Czechosłowacja
75%
Polska 3 Najbardziej zaludnione państwo, którego nazwa zaczyna się na literę P Pakistan
75%
Polska 3 Najludniejsze państwo Europy, które nie używa euro jako oficjalnej waluty Rosja | Wielka Brytania | Ukraina
75%
Grecja 6 Kraj produkujący najwięcej fig(Żródło) Turcja | Egipt | Maroko | Iran | Algieria
75%
Korea Południowa 2 Najwięcej medali olimpijskich w tenisie stołowym Chiny
71%
Korea Południowa 2 Czyja stolica ma największą gospodarkę Japonia
71%
Korea Południowa 3 Największa stolica kraju pod względem liczby miast Japonia | Indonezja | Indie | Filipiny
71%
Korea Południowa 3 (r) Najwięcej występów na Mistrzostwach Świata FIFA wśród krajów niebędących w Europie lub Ameryce Południowej Meksyk | Stany Zjednoczone
71%
Korea Południowa 4 Największa gospodarka *Z wyjątkiem krajów o populacji >100 mln (PKB, PPP, 2020) Niemcy | Wielka Brytania | Francja
71%
Korea Południowa 8 Najbardziej demokratyczny kraj poza Europą Nowa Zelandia | Kanada | Australia | Urugwaj | Mauritius | Kostaryka | Chile
71%
Korea Południowa 4 Państwo z najwyższym wskażnikiem HDI w Azji *HDI mierzy stan zdrowia, wykształcenie i dochody Singapur | Japonia | Izrael
71%
Korea Południowa 6
Kraj azjatycki o największej
wolności gospodarczej (Żródło)
Singapur | Tajwan | Gruzja | Zjednoczone Emiraty Arabskie | Malezja
71%
Irlandia 3 (r) Flaga z największą ilością koloru pomarańczowego Bhutan | Niger
67%
Austria 7 Najbardziej wysunięte na północ państwo śródlądowe Białoruś | Kazachstan | Mongolia | Czechy | Luksemburg | Słowacja
67%
Republika Południowej Afryki 2 Największa ilość terytorium, które znajduje się na pustyni Kalahari Botswana | Namibia
67%
Republika Południowej Afryki 5 Najwięcej morderstw (2022) Brazylia | Nigeria | Indie | Meksyk
67%
Austria 7 (r) Kraj z największą liczbą granic Chiny | Rosja | Francja | Brazylia | Demokratyczna Republika Konga | Niemcy
67%
Austria 2 Najdłuższa granica z Niemcami Czechy
67%
Irlandia 2 Najwyższa produkcja piwa na mieszkańca Czechy
67%
Austria 3 Spożycie piwa na osobę Czechy | Namibia
67%
Austria 5 Najepszy kraj żeby się tam urodzić (Żródło) Dania | Szwajcaria | Finlandia | Australia
67%
Irlandia 2 Najniższa zanotowana temperatura Islandia
67%
Irlandia 2 Najmniejsze państwo zaczynające się na literę I Izrael
67%
Republika Południowej Afryki 3 Najnowszy kraj, który gościł męskie Mistrzostwa Świata FIFA Katar | Rosja | Brazylia
67%
Austria 8 Najwyższa stawka podatkowa jako procent PKB Lesotho | Dania | Francja | Belgia | Szwecja | Finlandia | Włochy
67%
Irlandia 3 Największe państwo bez węży Nowa Zelandia | Islandia
67%
Republika Południowej Afryki 8 Państwo z najwyższym wskażnikiem HDI w Afryce*HDI mierzy stan zdrowia, wykształcenie i dochody Seszele | Mauritius | Algieria | Tunezja | Botswana | Libia | Gabon
67%
Republika Południowej Afryki 2 Państwo z największą ilością osób pochodzenia holenderskiego
*nie uwzględniając Holandii
Stany Zjednoczone
67%
Austria 3 Najwięcej zjazdów narciarskich według długości tras Stany Zjednoczone | Francja
67%
Republika Południowej Afryki 2 Największa liczba państw, których terytorium jest całkowicie otoczone przez to państwo Włochy
67%
Korea Południowa 7 Kraj azjatycki z najwyższym procentem chrześcijan Armenia | Timor Wschodni | Filipiny | Gruzja | Cypr | Liban
57%
Korea Północna 8 (r) Azjatyckie państwo z najgorszym paszportem
* Według liczby krajów, które możesz odwiedzić bez wizy
Afganistan | Irak | Syria | Pakistan | Jemen | Iran
50%
Niemcy 3 Najbliżej Liechtensteinu Austria | Szwajcaria
50%
Egipt 7 Państwo produkujące najwięcej pomarańczy Brazylia | Chiny | Indie | Meksyk | Stany Zjednoczone | Hiszpania
50%
Korea Północna 7 Najbiedniejsze państwo (PKB, PPP, 2020) Burundi | Somalia | Republika Środkowoafrykańska | Demokratyczna Republika Konga | Liberia | Malawi
50%
Korea Północna 2 Najszczęśliwszy kraj (według Korei Północnej) Chiny
50%
Niemcy 4 Zawierające najludniejszy obszar miejski zaczynający się na literę F Chiny | Brazylia | Pakistan
50%
Niemcy 2 Najdłuższa granica z Polską Czechy
50%
Niemcy 2 Państwo europejskie z największą liczbą muzułmanów *Z wyjątkiem Turcji Francja
50%
Niemcy 5 Najczęściej odwiedzane państwo przez prezydentów USA Francja | Wielka Brytania | Kanada | Meksyk
50%
Szwajcaria 2 Kraj, który wysyła najwięcej turystów do Niemiec Holandia
50%
Korea Północna 7 Najmniej spokojny kraj w Azji (Żródło) Irak | Syria | Jemen | Afganistan | Pakistan | Turcja
50%
Korea Północna 2 Najmniej zaludnione państwo z bronią jądrową Izrael
50%
Egipt 7 Którego państwa stolica ma największą populację obszarów miejskich? Japonia | Indonezja | Włochy | Filipiny | Korea Południowa | Meksyk
50%
Korea Północna 8 Najbardziej niestabilny kraj nie leży w Afryce (Żródło) Jemen | Syria | Afganistan | Haiti | Irak | Mjanma | Pakistan
50%
Korea Północna 15 Największe państwo pod względem powierzchni, mniej zaludniony niż wszystkie kraje sąsiadujące Kanada | Libia | Mongolia | Mauretania | Botswana | Turkmenistan | Papua-Nowa Gwinea | Paragwaj | Norwegia | Ekwador | Kirgistan | Urugwaj | Surinam | Nepal
50%
Egipt 4 (r) Państwo, którego flaga ma najwięcej czarnych elementów Libia | Papua-Nowa Gwinea | Angola
50%
Niemcy 5 Najczęściej odwiedzane przez Amerykanów Meksyk | Kanada | Wielka Brytania | Dominikana | Francja | Włochy
50%
Korea Północna 9 Największa łączna populacja w krajach graniczących Mjanma | Pakistan | Bhutan | Nepal | Chiny | Indie | Afganistan | Laos
50%
Korea Północna 5 Państwo z najniższym odsetkiem chrześcijan, w którym większość populacji nie są muzułmanami Nepal | Bhutan | Kambodża | Tajlandia
50%
Polska 2 Największy producent żyta Niemcy
50%
Egipt 3 Najbrutalniejsze prześladowanie chrześcijan, według Christianity Today Pakistan | Nigeria
50%
Niemcy 2 Najludniejsze europejskie państwo Rosja
50%
Niemcy 2 Najwięcej zwycięstw w Mistrzostwach Świata Kobiet FIFA Stany Zjednoczone
50%
Polska 3 Państwo z najbardziej zaludnionym obszarem zurbanizowanym rozpoczynającym się na literę W Stany Zjednoczone | Chiny
50%
Korea Północna 3 Najlepsza żeńska drużyna piłkarska poza Europą Stany Zjednoczone | Japonia
50%
Niemcy 4 Najczęściej odwiedzany kraj przez użytkowników JetPunk Stany Zjednoczone | Wielka Brytania | Francja
50%
Korea Północna 5 Państwo uznawane przez najmniejszą liczbę innych państw *Wśród 196 oficjalnych krajów JetPunk Tajwan | Kosowo | Izrael | Chiny
50%
Polska 2 Najczęstsze państwo pochodzenia niemieckich mieszkańców urodzonych za granicą Turcja
50%
Niemcy 4 Pierwszy europejski kraj, który osiągnął 5 milionów mieszkańców *Tylko współczesne państwa Włochy | Francja | Hiszpania
50%
Niemcy 2 Najwięcej ofiar śmiertelnych II wojny światowej wśród żołnierzy Związek Radziecki
50%
Polska 2 Największe państwo Układu Warszawskiego Związek Radziecki
50%
Republika Południowej Afryki 3 Największa liczba języków urzędowych Boliwia | Zimbabwe | Mali
33%
Irlandia 7 Państwo z największą poprawą wskaźnika HDI w latach 1990-2022 Chiny | Turcja | Tajlandia | Zjednoczone Emiraty Arabskie | Gujana | Dominikana | Mjanma
33%
Austria 2 Najdłuższa granica ze Słowenią Chorwacja
33%
Austria 11 Najwięcej eksportów na mieszkańca Liechtenstein | Singapur | Katar | Szwajcaria | Zjednoczone Emiraty Arabskie | Belgia | Holandia | Kuwejt | Irlandia | Norwegia
33%
Republika Południowej Afryki 2 (r) Najwięcej miejsc w pierwszej trójce w Pucharze Świata w Rugby Nowa Zelandia
33%
Austria 2 Stolica miała najwięcej przedstawień operowych w sezonie 2015-16 Rosja
33%
Austria 4 Państwo położone najbliżej Morza Adriatyckiego, ale nie graniczący z nim San Marino | Kosowo | Macedonia Północna
33%
Austria 10 Najwięcej turystów na mieszkańca Watykan | Andora | Monako | Islandia | Palau | Malta | Bahamy | Chorwacja | Seszele
33%
Polska 3 Największa liczba ofiar śmiertelnych podczas II wojny światowej wśród cywilów (Żródło) Chiny | Związek Radziecki
25%
Polska 6 Najwyższy wskaźnik dezurbanizacji (2015-2020) Łotwa | Samoa | Ukraina | Litwa | Andora
25%
Polska 5 Państwo z najniższym współczynnikiem dzietności Singapur | Tajwan | Korea Południowa | Bośnia i Hercegowina
25%
Polska 3 Najniższy wskaźnik wzrostu liczby ludności (z wyłączeniem krajów o populacji <20 mln) Ukraina | Japonia
25%
Korea Południowa 2 Najwięcej osób zwiedzających Chiny Tajwan
14%
Włochy 4 Źródło największej liczby urodzonych za granicą mieszkańców Francji Algieria | Maroko | Portugalia
0%
Holandia 2 Stolica o najniższej średniej wysokości
Podpowiedź: #1 znajduje się na morzu śródlądowym
Azerbejdżan
0%
Włochy 2 (r) Najwięcej zwycięstw w męskich mistrzostwach świata w piłce nożnej Brazylia
0%
Włochy 6 Najdłuższa granica z Francją Brazylia | Hiszpania | Belgia | Szwajcaria | Surinam
0%
Nowa Zelandia 2 Największa produkcja kiwi (2021) Chiny
0%
Holandia 2 Państwo, które uzyskało najwięcej lądu z morza Chiny
0%
Włochy 4 Najludniejszy kraj w roku 1 n.e. *Kraje współczesne Chiny | Indie | Turcja
0%
Włochy 3 W promieniu 100 km od największej ilości innych krajów Chiny | Rosja
0%
Holandia 2 Stolica najbardziej przyjazna rowerzystom (Żródło) Dania
0%
Włochy 5 Większość gości z zagranicy Francja | Hiszpania | Stany Zjednoczone | Chiny
0%
Korea Północna 7 Kraj posiadający największy obszar zurbanizowany zaczynający się na literę P Francja | Stany Zjednoczone | Indie | Brazylia | Meksyk | Haiti
0%
Włochy 2 Najdłuższa linia brzegowa spośród państw śródziemnomorskich Grecja
0%
Włochy 2 Najbardziej na południe wysunięte państwo europejskie *Bez Turcji i Cypru Grecja
0%
Włochy 2 Największa produkcja wina na mieszkańca Hiszpania
0%
Włochy 6 (r) Największa liczba wysp z populacją co najmniej 1mln Indonezja | Filipiny | Japonia | Chiny | Wielka Brytania
0%
Niemcy 2 Kraj UE o najwyższym wskaźniku HDI Irlandia
0%
Nowa Zelandia 2 Najbardziej spokojny kraj (Żródło) Islandia
0%
Irlandia 9 Najczęściej występujące jako imię w USA Jordania | Izrael | Gruzja | Malezja | Egipt | Kenia | Czad | Indie
0%
Egipt 3 Państwo o najmniejszej powierzchni lasów w procentach
*Za wyjątkiem mikronacji
Katar | Oman
0%
Włochy 4 Państwo z największą liczbą Albańczyków *Inne niż Albania Kosowo | Macedonia Północna | Grecja
0%
Austria 2 Najwyższy odsetek osób mówiących po niemiecku Liechtenstein
0%
Holandia 6 Największy eksport na mieszkańca Liechtenstein | Singapur | Belgia | Szwajcaria | Irlandia
0%
Nowa Zelandia 2 Największa liczba owiec na mieszkańca Mongolia
0%
Republika Południowej Afryki 16 Największe nierówności dochodowe między 10% najbogatszych i 10% najbiedniejszych Namibia | Boliwia | Sierra Leone | Republika Środkowoafrykańska | Kolumbia | Honduras | Haiti | Panama | Niger | Botswana | Lesotho | Paragwaj | Salwador | Ekwador | Gwatemala
0%
Egipt 2 Kraj afrykański produkujący najwięcej trzciny cukrowej Republika Południowej Afryki
0%
Włochy 2 (r) Najwyższy szczyt w Europie Rosja
0%
Włochy 5 Europejskie panstwo o największej liczbie ludności Rosja | Niemcy | Francja | Wielka Brytania
0%
Korea Północna 8 Najbardziej skorupowane państwo (Żródło) Somalia | Sudan Południowy | Syria | Jemen | Wenezuela | Afganistan | Sudan
0%
Włochy 4 Największy producent sera Stany Zjednoczone | Niemcy | Francja
0%
Włochy 4 Największa redukcja emisji dwutlenku węgla od 2000 r. Stany Zjednoczone | Wielka Brytania | Ukraina
0%
Holandia 3 Najbardziej zaludnione państwo, którego nazwa kończy się na "landia" Tajlandia
0%
Holandia 3 Właściciel najbardziej wysuniętej na
południe karaibskiej wyspy o
powierzchni 100 km2 bądź większej
Trynidad i Tobago | Wenezuela
0%
Egipt 5 Kraj, który przyjął najwięcej syryjskich uchodźców Turcja | Liban | Jordania | Irak
0%
Nowa Zelandia 2 Największa liczba krów na osobę Urugwaj
0%
Irlandia 5 Największa ilość krów na mieszkańca Urugwaj | Paragwaj | Nowa Zelandia | Czad
0%
Włochy 2 Najmniejsze państwo G7 według powierzchni Wielka Brytania
0%
Nie znaleziono quizów pasujących do podanych kryteriów
Rozkład punktacji
Procent ludzi z każdym wynikiem
Percentyl według liczby udzielonych odpowiedzi
Twoja historia wyników
Nie rozwiązałeś tego quizu